000 00801 a2200217 4500
005 20080924171942.0
008 080924t xxu||||| |||| 00| 0 eng d
010 _aENG-87874
020 _a8180545997
_c65.00
035 _aEN-71407
037 _bDBAD / PUB
082 _a657.45
100 _aPagare, Dinkar
245 _aAn introduction to auditing
_cby Dinkar Pagare [and] Naresh Gupta
260 _aNew Delhi
_bSultan Chand & Sons
_c2007
270 _a23, Darya Ganj,
_bNew Delhi
_e110 002
300 _avii, 216p.
_c22cm (pbk )
700 _aGupta, Naresh
942 _adpl
_cEN
_k657.45 / PAG
_2ddc
_h657.45
_mPAG
999 _c7233
_d7233